The Philosophy of history in our time
Sábháilte in:
| Príomhchruthaitheoir: | |
|---|---|
| Formáid: | LEABHAR |
| Teanga: | Undetermined |
| Foilsithe / Cruthaithe: |
New York, Estados Unidos
Doubleday Anchor Original
1959
|
| Ábhair: | |
| Clibeanna: |
Cuir clib leis
Níl clibeanna ann, Bí ar an gcéad duine le clib a chur leis an taifead seo!
|
MARC
| LEADER | 00000nam a2200000Ia 4500 | ||
|---|---|---|---|
| 008 | 170316s9999 xx 000 0 und d | ||
| 090 | |a 100 M-42p | ||
| 100 | |a Meyerhoff, Hans | ||
| 245 | 4 | |a The Philosophy of history in our time | |
| 260 | |a New York, Estados Unidos | ||
| 260 | |b Doubleday Anchor Original | ||
| 260 | |c 1959 | ||
| 300 | |a 350 páginas | ||
| 650 | |a FILOSOFÍA | ||
| 999 | |c 17019 |d 17019 | ||
| 040 | |a cru BVZT | ||
| 942 | |c 15 D |h 100 M-42p |2 z | ||
